000 01095nam a2200301Ia 4500
003 OSt
005 20200714174734.0
008 191128s2012 mx gr 000 0 spa d
020 _a9789681639822
040 _aCO-JMCR
_cCO-JMCR
041 1 _aspa
_heng
082 0 4 _a338.5 /
_bN677i
_223
100 1 _aNorth, Douglass Cecil,
_eautor
_95055
245 1 0 _aInstituciones, cambio institucional y desempeño económico /
_cDouglass C. North ; traducción de Agustín Bárcena
250 _aPrimera edición
260 _aMéxico :
_bFondo de Cultura Económica,
_c2012
300 _a190 páginas ;
_c21 cm.
490 0 _aColección Economía Contemporánea
504 _aBibliografía: páginas 181-188
505 0 _aInstituciones -- Cambio institucional -- Desempeño económico
534 _pInstitutions, institutional change and economic performance
546 _aTraducido del inglés
650 1 4 _aTeoría económica
_96037
650 2 4 _aEconomía política
_96038
650 2 4 _aEconomía
_xhistoria
_96039
700 1 _aBárcena, Agustín,
_etraductor
_96040
942 _2ddc
_cBK
999 _c4844
_d4844